Getting the best from your ad agency

Bibliographic Details
Main Author: Marconi, Joe
Format: Book
Published: Kuala Lumpur : Golden Books Centre , 1992
Subjects:

MARC

LEADER 00000cam a2200000 7i4500
001 0000005064
002 000005461
005 20000330.0
020 |a 9837200081 
090 0 0 |a 659.1   |b MAR 
100 1 |a Marconi, Joe 
245 1 0 |a Getting the best from your ad agency   |c Joe Marconi 
260 |a Kuala Lumpur :   |b Golden Books Centre ,   |c 1992 
300 |a 257p. ;   |c 22cm. 
650 0 0 |a Advertising 
999 |a 033288   |b BUKU   |c PINJAMAN   |e PERPUSTAKAAN KOMUNITI PETALING JAYA